[Event "Stay Safe Play From Home 227"]
[Site "T#646802Emanuel Laske"]
[Date "2020.06.15"]
[Round "4"]
[White "Lamborghini"]
[Black "Trotsky"]
[Result "1-0"]
[WhiteElo "2267"]
[BlackElo "1548"]
[Annotator "TA"]
[PlyCount "41"]
[EventDate "2020.06.15"]
[EventType "swiss (blitz)"]

{[%evp 10,41,64,49,58,49,123,80,322,314,327,316,410,364,370,320,1162,780,1072,947,1173,1058,1177,1158,1216,1019,1231,1116,1805,1512,29989,29990,29991,29992]} 1. e4 c5 2. Nf3 Nc6 3. d4 e6 4. Nc3 d5 5. exd5 exd5 6. Bb5 Be6 {C10: French with 3 Nc3: Unusual Black 3rd moves and 3...dxe4.} 7. O-O c4 {[#]} (7... Nf6 $14) 8. Ne5 $146 ({Predecessor:} 8. Re1 Bb4 9. Ng5 Qf6 10. Nxd5 {1-0 (10) Diamond,J (2205)-Briggs,P Las Vegas 1995}) 8... Bd6 $2 (8... Rc8 $16) 9. Nxc6 $18 bxc6 10. Bxc6+ {[%mdl 64] [#] Double Attack} Bd7 11. Re1+ Ne7 12. Bxa8 Qc7 $2 (12... Qxa8 13. Qf3 O-O) 13. Bxd5 Kd8 14. g3 h5 15. Qf3 Nf5 16. Bg5+ f6 17. Be4 Nxg3 18. hxg3 h4 19. Bxh4 g5 20. Qxf6+ {[%mdl 64] [#] Double Attack} Kc8 21. Qxh8+ {Black did not feel at home in the position after the opening.} 1-0

[Event "Stay Safe Play From Home 227"]
[Site "T#646802Emanuel Laske"]
[Date "2020.06.15"]
[Round "4"]
[White "Lazieri3"]
[Black "SoulofWolf"]
[Result "0-1"]
[WhiteElo "2124"]
[BlackElo "2199"]
[Annotator "TA"]
[PlyCount "96"]
[EventDate "2020.06.15"]
[EventType "swiss (blitz)"]

{[%evp 9,96,-10,47,8,14,-7,-5,-4,31,18,64,54,160,145,153,138,114,51,122,132,132,130,144,111,203,191,195,121,148,144,125,136,131,5,95,35,47,44,31,0,7,0,68,0,0,0,0,0,0,0,0,0,401,0,0,0,0,-6,0,0,0,-18,0,0,0,0,0,0,0,0,0,-60,0,-4,0,0,201,0,53,-1246,100,-1635,0,0,18,8,140,131,1522]} 1. e4 d6 2. Nc3 c5 3. Nf3 Nc6 4. d3 a6 5. Bg5 {[#]} b5 $146 (5... h6 $11 6. Be3 e5) ({Predecessor:} 5... Qa5 6. Be2 e6 7. O-O Qc7 8. Qd2 Be7 9. Rad1 b5 10. Bxe7 Qxe7 11. a3 Nf6 {½-½ (33) Parra Ordorica,G-Torregrosa Gonzalez,I (1375) Llinars del Valles 2013}) 6. a3 {B50: Sicilian: 2...d6, Miscellaneous.} Bb7 7. Be2 h6 8. Be3 {The position is equal.} g5 9. h3 Bg7 10. d4 c4 (10... Nxd4 $14 11. Nxd4 cxd4 12. Bxd4 Nf6) 11. d5 $36 {[%mdl 2048] White is on the roll.} Ne5 12. Nxe5 Bxe5 {[#]} 13. Bd4 (13. h4 $1 $16) 13... Bxd4 (13... Nf6 $14) 14. Qxd4 Nf6 15. O-O O-O 16. f4 Nh7 (16... gxf4 $16 17. Rxf4 Kh7) 17. fxg5 Nxg5 18. Rf4 (18. h4 $18 Nh7 19. Qe3) 18... e5 19. dxe6 $1 fxe6 20. Rxf8+ Qxf8 21. Rf1 (21. h4 $16 e5 22. Qe3) 21... Qe7 (21... Qg7 $1 $11 22. Qxg7+ (22. Qxd6 Nxh3+ 23. Kh1 Ng5 $11) 22... Kxg7) 22. Bh5 (22. Bg4 $16) 22... Rf8 $14 23. Rxf8+ Qxf8 24. Qe3 (24. h4 $5 {[%cal Rh4g5]} e5 25. Qd1 $14) 24... Qf6 25. Bg4 (25. h4 {keeps more tension.} Nf7 26. Qb6 Qe7 27. Bxf7+ Kxf7 28. g3) 25... Nf7 ({Black should try} 25... Qe5 $11) 26. Qf3 (26. Qb6 $14 Bc8 27. Bh5) 26... Qxf3 $11 27. Bxf3 {[%mdl 4096] Endgame KBN-KBN} Ne5 28. Kf2 Kf7 29. Ke3 Kf6 30. Ne2 Nd7 $2 {[%mdl 8192] [#]} (30... Nxf3 $11 {and Black is okay.} 31. gxf3 e5) 31. Nf4 $2 ({White has to play} 31. e5+ $1 $18 {[%mdl 512]} Kxe5 (31... dxe5 32. Bxb7) 32. Bxb7) 31... Bc6 32. Bg4 Nf8 33. Nh5+ Kg5 34. Ng7 Kf6 35. Nh5+ Ke7 36. Nf4 Bd7 37. Nh5 a5 38. Ng3 Ng6 39. Nh5 Ne5 40. Nf4 (40. Be2 $11) 40... Nc6 (40... Nxg4+ $15 41. hxg4 Kf6) 41. Ng6+ Kd8 42. Nf4 Kc7 $2 (42... Ke7 $11) 43. Nh5 $2 ({But not} 43. Nxe6+ Kb6 $16) (43. Bxe6 $18 Ne5 44. Nd5+ Kc6 45. Bxd7+ Kxd7 46. Kd4) 43... b4 (43... Kd8 $11) 44. Nf6 $2 {[%mdl 8192]} (44. axb4 $14 Nxb4 45. Kd2) 44... bxa3 $2 (44... c3 $19 45. Ne8+ Kb6) 45. Nxd7 $2 {[%mdl 8192]} (45. bxa3 $16 Na7 46. Kd2 (46. Nxd7 Kxd7 47. Be2 d5 $11)) 45... Kxd7 $2 ({Better is} 45... axb2 $19 46. Bxe6 b1=Q) 46. bxa3 Ne5 47. Bf3 c3 (47... Kc6 $11) 48. Be2 Nc4+ $2 {[%mdl 40960] What a bad dream for Black. Accuracy: White = 56%, Black = 46%. . Loss on time!?} (48... d5 $16) 0-1

[Event "Stay Safe Play From Home 227"]
[Site "T#646802Emanuel Laske"]
[Date "2020.06.15"]
[Round "4"]
[White "Ironmike"]
[Black "EL sanbary"]
[Result "0-1"]
[WhiteElo "1854"]
[BlackElo "1911"]
[Annotator "TA"]
[PlyCount "48"]
[EventDate "2020.06.15"]
[EventType "swiss (blitz)"]

{[%evp 19,48,-8,-6,-27,20,-30,-35,-61,-56,-79,-52,-94,-64,-194,-182,-201,-185,-196,-187,-187,-151,-556,-546,-678,-675,-756,-747,-727,-714,-694,-681]} 1. e4 c5 2. Nf3 g6 3. Nc3 Bg7 4. d4 cxd4 5. Nxd4 Nc6 6. Nxc6 bxc6 7. Bc4 Nf6 8. e5 Ng8 9. f4 Nh6 10. O-O O-O 11. Be3 {B34: Sicilian: Accelerated Dragon with 5 Nc3: sidelines.} d5 12. exd6 exd6 {[#] aiming for ...d5.} 13. Bf2 $146 {Black is slightly better.} ({Predecessor:} 13. Qd2 Ng4 14. Bd4 Bxd4+ 15. Qxd4 Qb6 16. Qxb6 axb6 17. Rfe1 d5 18. Bd3 Be6 19. h3 Nf6 {0-1 (59) Milonakis,G (2223)-Skembris,S (2422) Anogia 2015}) 13... d5 14. Bb3 Nf5 15. Rb1 Re8 16. Ne2 ({Better is} 16. Re1 $15) 16... Ne3 $19 17. Bxe3 Rxe3 18. Qd2 Qb6 $36 {[%mdl 2048] Black is on the roll.} 19. Kh1 Ba6 20. Rbe1 $2 (20. Rfe1 $17 {nothing else works.}) 20... Rae8 {Black is clearly winning.} 21. Ng3 Bxf1 22. Rxe3 Qxe3 23. Qxe3 Rxe3 24. Nxf1 {[#]} Re1 $1 {Black took control after the opening. Accuracy: White = 27%, Black = 64%.} 0-1

[Event "Stay Safe Play From Home 227"]
[Site "T#646802Emanuel Laske"]
[Date "2020.06.15"]
[Round "4"]
[White "Masler"]
[Black "Haxhi Baha"]
[Result "0-1"]
[WhiteElo "1829"]
[BlackElo "1948"]
[Annotator "TA"]
[PlyCount "136"]
[EventDate "2020.06.15"]
[EventType "swiss (blitz)"]

{[%evp 9,135,-6,-4,-35,0,-53,-29,-34,0,0,0,0,12,-18,0,-34,-37,-43,-36,-41,42,-26,0,-31,-33,-39,-38,-50,129,-66,0,4,5,6,17,0,16,12,22,9,136,10,33,0,0,0,46,42,33,0,0,0,0,0,0,0,6,5,5,5,15,9,72,-52,-54,-115,-91,-93,-99,-115,-110,-115,-115,-173,-157,-801,-598,-606,-532,-463,-22,-14,-22,-25,0,0,8,8,8,8,2259,2210,3150,2622,2362,2299,1823,1821,1650,1577,1279,1149,5302,11625,29972,29973,29977,-1008,130,8,337,-29992,-29991,-29991,-29992,-29994,-29995,-29996,-29995,-29997,-29995,-29995,-29995,-29995,-29996,-29996,-29997,-29999]} 1. d4 d5 2. Bf4 e6 3. e3 Bd6 4. Bxd6 Qxd6 5. c3 Nf6 {[#]} 6. Qf3 $146 {D00: 1 d4 d5: Unusual lines.} ({Predecessor:} 6. f4 c5 7. Nd2 Nc6 8. Bd3 c4 9. Bc2 b5 10. Ngf3 a5 11. Ne5 Nd7 12. Qg4 O-O {0-1 (35) Eryshkanova,A (2161)-Nurgali,N (2336) Moscow 2019}) 6... Nbd7 7. Bb5 (7. Qg3 $11) 7... c6 8. Bd3 {Black has an edge.} a6 9. Qg3 Qxg3 10. hxg3 h6 11. Nf3 c5 12. dxc5 Nxc5 13. Bc2 Ke7 14. Nbd2 Nfd7 (14... a5 $15) 15. Nb3 (15. b4 $14 Ne4 16. Nxe4 (16. Bxe4 dxe4 17. Nxe4 b6 $11) 16... dxe4 17. Bxe4) 15... Nxb3 16. Bxb3 Nc5 17. Nd4 e5 18. Nf3 Be6 $2 (18... Nxb3 $15 {stays ahead.} 19. axb3 f6) 19. O-O $2 ({White has to play} 19. Nxe5 $16 Rad8 20. Bc2) 19... e4 (19... Kf6 $15) 20. Nd4 $11 Rac8 21. Bc2 f5 22. Rfd1 Rhd8 23. Rd2 Kf6 24. Rad1 Ke5 (24... Bf7 $11) 25. Ne2 ({White should try} 25. b4 $16) 25... Bf7 26. Nf4 g5 27. Ne2 b5 (27... Bh5 {seems wilder.} 28. Kf1 b5 29. Ra1 Ne6 30. Bd1 Nc5) 28. Nd4 Ne6 29. Nxe6 Bxe6 30. Bb3 Rc5 31. f3 a5 32. f4+ gxf4 33. gxf4+ Kf6 34. a3 a4 35. Bc2 Rg8 (35... Bf7 $11) 36. Rf2 ({White should play} 36. Kf2 $16) 36... Rc7 $15 37. Rdd2 (37. Re2 $15) 37... h5 38. Bd1 {[#]} h4 $1 39. Kh2 Rcg7 40. Rde2 Rg3 41. Bc2 (41. Re1 $17 {keeps fighting.}) 41... Bf7 $19 42. Kg1 $2 (42. Bd1 $17) 42... Bh5 43. Rd2 h3 44. Kh2 hxg2 $2 (44... d4 $19 45. cxd4 Rxe3 46. gxh3 Rgg3) 45. Rxg2 $11 Rxg2+ 46. Rxg2 Rxg2+ (46... Rc8 {feels hotter.}) 47. Kxg2 $19 {[%mdl 4096] Endgame KB-KB} Bf3+ 48. Kf2 Bg4 49. b3 Ke6 $2 {[%mdl 8192]} (49... axb3 $11 50. Bxb3 Ke6) 50. bxa4 $18 bxa4 51. Bxa4 Kd6 52. Bb5 Kc5 53. a4 Bd1 54. Kg3 Bc2 55. Kh4 Kb6 56. Kg5 Ka5 57. Kxf5 d4 58. Ke5 $4 {[%mdl 8192]} (58. cxd4 {was the only winning move.} Bb1 59. d5 Bd3 60. d6 Bc2 61. d7 Kb4 62. d8=Q Ka3 63. Qd6+ Kb2 64. a5) 58... d3 $2 ({Better is} 58... dxc3 $19 59. Kd4 Kb4) 59. Kd4 (59. f5 $16 {f6 is the strong threat.} Bxa4 60. Bxa4 Kxa4 61. f6) 59... d2 $2 {[%mdl 8192]} (59... Bxa4 $11 {and Black has nothing to worry.} 60. Bxd3 exd3 61. Kxd3 Kb5) 60. Bd3 $4 {[%mdl 8192]} (60. Be2 $18) 60... d1=Q {Black mates.} 61. Kxe4 Qxd3+ {[%mdl 64] [#] Double Attack} 62. Kf3 Qe4+ 63. Kg4 Kxa4 64. Kg5 Qf5+ 65. Kh4 Bd1 {[%csl Gd1][%cal Rf5g4]} 66. Kg3 Qg4+ 67. Kf2 Qf3+ 68. Ke1 Qe2# {Both players deserved the win here. Accuracy: White = 49%, Black = 48%.} 0-1

[Event "Stay Safe Play From Home 227"]
[Site "T#646802Emanuel Laske"]
[Date "2020.06.15"]
[Round "4"]
[White "Edmatuag"]
[Black "Zitnik"]
[Result "0-1"]
[WhiteElo "1692"]
[BlackElo "1845"]
[Annotator "NA RC"]
[PlyCount "72"]
[EventDate "2020.06.15"]
[EventType "swiss (blitz)"]

1. e4 {[%emt 0:00:01]} c5 {[%emt 0:00:01]} 2. d3 {[%emt 0:00:01]} Nc6 {[%emt 0:00:01]} 3. h3 {[%emt 0:00:01]} d6 {[%emt 0:00:01]} 4. g4 {[%emt 0:00:01]} g6 {[%emt 0:00:00]} 5. Bg2 {[%emt 0:00:00]} Bg7 {[%emt 0:00:01]} 6. Ne2 {[%emt 0:00:01]} Bd7 {[%emt 0:00:01]} 7. Be3 {[%emt 0:00:01]} Nf6 {[%emt 0:00:01]} 8. c3 {[%emt 0:00:03]} O-O {[%emt 0:00:01]} 9. Ng3 {[%emt 0:00:01]} e5 {[%emt 0:00:02]} 10. Nd2 {[%emt 0:00:01]} Ne8 {[%emt 0:00:02]} 11. O-O {[%emt 0:00:01]} f5 {[%emt 0:00:01]} 12. gxf5 {[%emt 0:00:02]} gxf5 {[%emt 0:00:01]} 13. exf5 {[%emt 0:00:02]} Bxf5 {[%emt 0:00:01]} 14. Nxf5 {[%emt 0:00:01]} Rxf5 {[%emt 0:00:01]} 15. Be4 {[%emt 0:00:04]} Rf7 {[%emt 0:00:05]} 16. Qh5 {[%emt 0:00:02]} Nf6 {[%emt 0:00:01]} 17. Qg5 {[%emt 0:00:03]} Nxe4 {[%emt 0:00:01]} 18. Qxd8+ {[%emt 0:00:02]} Rxd8 {[%emt 0:00:02]} 19. Nxe4 {[%emt 0:00:01]} Ne7 {[%emt 0:00:05]} 20. Kh2 {[%emt 0:00:02]} Nf5 {[%emt 0:00:01]} 21. Rg1 {[%emt 0:00:02]} b6 {[%emt 0:00:00]} 22. Rg4 {[%emt 0:00:02]} d5 {[%emt 0:00:01]} 23. Ng5 {[%emt 0:00:02]} Rf6 {[%emt 0:00:03]} 24. Rag1 {[%emt 0:00:03]} Kh8 {[%emt 0:00:03]} 25. Nf3 {[%emt 0:00:01]} Bh6 {[%emt 0:00:02]} 26. Bg5 {[%emt 0:00:02]} Bxg5 {[%emt 0:00:01]} 27. Rxg5 {[%emt 0:00:01]} Ne7 {[%emt 0:00:03]} 28. Nxe5 {[%emt 0:00:01]} Rxf2+ {[%emt 0:00:01]} 29. Kh1 {[%emt 0:00:01]} Rdf8 {[%emt 0:00:02]} 30. Rg7 {[%emt 0:00:02]} Ng6 {[%emt 0:00:01]} 31. Nxg6+ {[%emt 0:00:02]} hxg6 {[%emt 0:00:01]} 32. R7xg6 {[%emt 0:00:01]} R2f6 {[%emt 0:00:01]} 33. R6g4 {[%emt 0:00:01]} Rh6 {[%emt 0:00:02]} 34. Kh2 {[%emt 0:00:02]} Rf3 {[%emt 0:00:02]} 35. R1g3 {[%emt 0:00:02]} Rxg3 {[%emt 0:00:01]} 36. Kxg3 {[%emt 0:00:02]} Rf6 {[%emt 0:00:00] Time (Lag: Av=0.76s, max=1.4s)} 0-1

[Event "Stay Safe Play From Home 227"]
[Site "T#646802Emanuel Laske"]
[Date "2020.06.15"]
[Round "4"]
[White "Bishop91"]
[Black "Klasman"]
[Result "1-0"]
[WhiteElo "1611"]
[BlackElo "1286"]
[Annotator "NA RC"]
[PlyCount "53"]
[EventDate "2020.06.15"]
[EventType "swiss (blitz)"]

1. e4 {[%emt 0:00:01]} f5 {[%emt 0:00:01]} 2. exf5 {[%emt 0:00:01]} Nf6 {[%emt 0:00:01]} 3. Nf3 {[%emt 0:00:01]} d5 {[%emt 0:00:01]} 4. d4 {[%emt 0:00:01]} Bxf5 {[%emt 0:00:01]} 5. Bd3 {[%emt 0:00:01]} Bxd3 {[%emt 0:00:02]} 6. Qxd3 {[%emt 0:00:00]} e6 {[%emt 0:00:01]} 7. O-O {[%emt 0:00:01]} Bd6 {[%emt 0:00:01]} 8. Re1 {[%emt 0:00:01]} Qd7 {[%emt 0:00:03]} 9. Bg5 {[%emt 0:00:02]} h6 {[%emt 0:00:02]} 10. Bh4 {[%emt 0:00:02]} g5 {[%emt 0:00:02]} 11. Bg3 {[%emt 0:00:00]} Kf7 {[%emt 0:00:07]} 12. Be5 {[%emt 0:00:03]} Re8 {[%emt 0:00:05]} 13. Bxf6 {[%emt 0:00:01]} Kxf6 {[%emt 0:00:02]} 14. Ne5 {[%emt 0:00:00]} Bxe5 {[%emt 0:00:03]} 15. dxe5+ {[%emt 0:00:01]} Kg7 {[%emt 0:00:02]} 16. Qf3 {[%emt 0:00:00]} Rf8 {[%emt 0:00:02]} 17. Qh5 {[%emt 0:00:01]} Rf5 {[%emt 0:00:04]} 18. h3 {[%emt 0:00:02]} Nc6 {[%emt 0:00:01]} 19. Nc3 {[%emt 0:00:06]} Nxe5 {[%emt 0:00:02]} 20. g4 {[%emt 0:00:03]} Rf3 {[%emt 0:00:06]} 21. Rxe5 {[%emt 0:00:02]} Raf8 {[%emt 0:00:03]} 22. Rxg5+ {[%emt 0:00:02]} hxg5 {[%emt 0:00:02]} 23. Qxg5+ {[%emt 0:00:00]} Kh8 {[%emt 0:00:02]} 24. Qh6+ {[%emt 0:00:05]} Kg8 {[%emt 0:00:01]} 25. Rf1 {[%emt 0:00:02]} Qc6 {[%emt 0:00:03]} 26. Qg6+ {[%emt 0:00:01]} Kh8 {[%emt 0:00:01]} 27. Ne2 {[%emt 0:00:02] Time (Lag: Av=0.32s, max=0.9s)} 1-0

[Event "Stay Safe Play From Home 227"]
[Site "T#646802Emanuel Laske"]
[Date "2020.06.15"]
[Round "5"]
[White "Broken sword"]
[Black "SoulofWolf"]
[Result "1-0"]
[WhiteElo "2457"]
[BlackElo "2213"]
[Annotator "TA"]
[PlyCount "163"]
[EventDate "2020.06.15"]
[EventType "swiss (blitz)"]

{[%evp 9,163,37,56,34,49,47,42,39,51,54,54,19,46,50,73,64,87,77,110,72,114,162,181,112,143,76,105,81,117,104,177,70,176,126,275,266,320,293,295,207,327,271,282,275,355,301,329,291,310,258,299,245,302,252,260,197,854,309,304,309,345,332,314,286,394,387,861,487,485,239,451,429,645,269,295,0,604,261,286,264,429,424,375,114,113,93,93,86,111,111,113,111,157,111,370,111,160,111,118,126,428,262,270,0,495,288,29984,29985,29985,29980,29986,29987,29993,29994,29994,29994,29994,29992,29990,0,0,0,29979,29980,29980,29981,29982,29982,29982,12842,12844,12843,12843,12843,12844,12844,12845,12845,12845,12846,12846,12847,12847,12847,12849,12850,12850,12849,12850,12848,12848,12849,12849,12849,12850,12850]} 1. e4 d5 2. exd5 Qxd5 3. Nf3 Qd8 4. d4 Nf6 5. c3 {[#]} g6 $146 ({Predecessor:} 5... Bf5 6. Bd3 Bxd3 7. Qxd3 e6 8. O-O c6 9. Bf4 Bd6 10. Bxd6 Qxd6 11. Nbd2 Nbd7 12. Rfe1 {0-1 (53) Monti,T-Bachran,B (1956) ICC INT 2009}) 6. h3 {B01: Scandinavian Defence.} Bg7 7. Bc4 O-O 8. O-O {White is slightly better.} b6 9. Re1 Bb7 10. Bg5 Nc6 11. Nbd2 a5 12. a4 Ba6 13. Bb3 h6 14. Bh4 $1 g5 15. Bg3 Bb7 16. Ne5 (16. h4 $1 $18) 16... Nxe5 17. Bxe5 ({White should try} 17. dxe5 Nh7 18. Qc2) 17... Qd7 18. Qe2 Rfe8 19. Rad1 Qc6 (19... e6 $16) 20. f3 ({White should play} 20. f4 $1 $18) 20... Rad8 (20... Nh5 $14) 21. Bc4 Bc8 (21... Qd7 $16) 22. Bb5 $18 {[%mdl 64] Skewer} Qa8 23. Bxe8 Rxe8 24. Qf2 Bb7 (24... Nd5 $142 25. Bxg7 Kxg7) 25. Nc4 ({Don't take} 25. Bxc7 Bc6) 25... Bc6 26. b3 Qb7 27. Ne3 Bd7 28. Qc2 Qc8 29. Re2 Be6 30. Rde1 Qd7 31. Kh1 c6 32. Qd3 Rb8 $2 (32... Nh5) 33. c4 $2 (33. Bxb8 c5 34. d5 $1 {[%mdl 512]} Nxd5 35. Nxd5 Qxd5 36. Qxd5 Bxd5 37. c4) 33... Rd8 34. Rd2 Nh5 {...Bxe5 is the strong threat.} 35. Bxg7 Nxg7 36. Qc2 f6 37. d5 Bf7 $2 (37... cxd5 38. cxd5 Bf5) 38. Red1 {Black must now prevent dxc6.} c5 39. Re2 (39. Ng4 $142 Kh8 40. Nxh6) 39... Qd6 $2 (39... Nh5 40. Ree1 Kg7) 40. Rde1 Be8 (40... Ra8 $142 41. Ng4 {[%mdl 64] Discovered Attack} f5) 41. Qc3 (41. Ng4 $142 f5 {[#]} 42. Re6 $1 {[%mdl 512]} Nxe6 43. Nxh6+ {[%mdl 64] Double Attack} Kh7 44. Rxe6 Qxe6 {[%mdl 64] Remove Defender} 45. dxe6 Kxh6 46. Qxf5) 41... Bd7 42. Qc2 $2 (42. Nf1 $18) 42... Qf4 $2 {[%mdl 8192]} (42... Be8 $11 43. Nf5 Nxf5) 43. Qd2 (43. Ng4 $142 Bxg4 44. hxg4) 43... h5 44. Nf1 Qd6 $2 (44... Qxd2 45. Rxd2 Kf7) 45. Rxe7 Nf5 46. R7e3 $2 (46. R7e4 $18 {and White stays clearly on top.}) 46... Nxe3 $16 47. Qxe3 Re8 48. Qf2 Kf7 49. Rxe8 Bxe8 50. Qe3 Qd7 51. Kg1 Qf5 $2 {[%mdl 8192]} (51... Qe7 $16 {might work better.} 52. Kf2 Kf8) 52. Kf2 $2 (52. Ng3 $18 {and the rest is easy.} Qd7 53. Nxh5) 52... Bd7 53. Nd2 Qg6 54. Ne4 $36 {[%mdl 2048] Black is under strong pressure.} Bf5 $2 {[%mdl 8192]} (54... h4 $16 55. Ke2 Kf8) 55. Qd3 {Hoping for Nd6+.} Kg7 56. Qe3 $2 (56. d6 $18 Qe8 57. g4 hxg4 58. hxg4) 56... Kh7 $2 {[%mdl 8192]} (56... Kf7 $1 $11 {and Black has nothing to worry.}) 57. d6 (57. Ng3 $142) 57... Bxe4 $2 (57... Qf7 $18 58. Nc3 Kg7) 58. Qxe4 $18 {[%mdl 4096] Endgame KQ-KQ} f5 59. Qd5 Kh6 60. d7 g4 61. d8=Q g3+ 62. Ke3 Qg5+ 63. Ke2 Qxd8 64. Qd2+ $2 (64. Qxd8 {mates} f4 65. Qf6+ Kh7 66. Qf7+ Kh6 67. Kd3 Kg5 68. Ke4 h4 69. Qg7+ Kh5 70. Kxf4 b5 71. Qh7#) 64... Qxd2+ $11 65. Kxd2 {Threatens to win with Ke3. KP-KP} f4 $2 {[%mdl 8192] Black is on the road to losing.} (65... h4 $11) 66. Kd3 Kg6 67. Ke4 Kf6 68. Kxf4 h4 69. Kg4 (69. Ke4 $142 Ke6 70. f4 Kf6 71. f5 Ke7 72. Ke5 Kf7 73. f6 Kg6 74. Ke6) 69... b5 {White is clearly winning.} 70. Kxh4 bxa4 71. bxa4 Ke5 72. Kxg3 Kd4 73. h4 Kxc4 74. h5 Kb4 75. h6 c4 76. h7 Kb3 77. h8=Q {Threatening mate with f4.} c3 78. Qg7 {Intending f4 and mate.} Kb2 79. Qf7 c2 80. Qf6+ Kb1 81. Qf5 {Qxc2+! would kill now.} Kb2 82. Qxc2+ {Accuracy: White = 42%, Black = 34%.} 1-0

[Event "Stay Safe Play From Home 227"]
[Site "T#646802Emanuel Laske"]
[Date "2020.06.15"]
[Round "5"]
[White "Mepe_Nika"]
[Black "little champs"]
[Result "1-0"]
[WhiteElo "2314"]
[BlackElo "2297"]
[Annotator "TA"]
[PlyCount "105"]
[EventDate "2020.06.15"]
[EventType "swiss (blitz)"]

{[%evp 13,105,4,42,25,35,-61,37,18,49,26,20,-38,-22,-20,-31,-58,-93,-61,23,31,56,54,49,53,139,27,18,0,0,-12,84,74,58,115,119,53,42,33,56,58,54,35,40,45,47,-24,17,-37,-48,-57,-52,-847,-840,-821,-805,-775,-722,-699,-635,-681,-631,-635,-620,-725,-485,-719,-599,-694,-694,-916,-849,-853,-620,-716,-339,-701,-620,-2315,-608,-608,-315,-325,-313,-1053,-559,-559,0,0,161,170,169,-416,29985,29986]} 1. d4 c6 2. Bf4 d5 3. e3 Nf6 4. c4 g6 5. Nc3 Bg7 6. Nf3 O-O 7. Qc2 a6 8. cxd5 {D93: Grünfeld: 4 Nf3 Bg7 5 Bf4 0-0 6 e3.} Nxd5 {[#]} 9. h3 $146 (9. Bg3 $14) ({Predecessor:} 9. Be5 Qa5 10. Bxg7 Kxg7 11. Be2 Bf5 12. Qd2 Nxc3 13. bxc3 Nd7 14. O-O Bg4 15. h3 Bxf3 16. Bxf3 {1-0 (82) Bogosavljevic,B (2515)-Lajthajm,B (2472) Palic 2014}) 9... Nxc3 ({Better is} 9... Nxf4 $15 10. exf4 Bxd4) 10. bxc3 $14 {White is slightly better.} Nd7 11. Bc4 b5 12. Bb3 ({White should try} 12. Be2 $11) 12... Bb7 13. O-O Rc8 14. c4 c5 {aiming for ...cxd4.} 15. d5 Nb6 ({Black should play} 15... Bxa1 $15 16. Rxa1 f6) 16. Rad1 $11 bxc4 17. Bxc4 Nxc4 18. Qxc4 Qb6 (18... a5 $14) 19. Be5 (19. Rb1 $16 Qa7 20. Rfd1) 19... Qb5 20. Qc3 f6 21. Bf4 Qb4 (21... Qa4 $11) 22. Qc2 $1 $16 Qa5 23. e4 c4 {[#]} 24. Rb1 (24. Be3 $1 $16) 24... Ba8 $14 25. Be3 c3 26. Bb6 Qa3 27. Nd4 f5 {And now ...fxe4 would win.} 28. Ne6 fxe4 29. Nxg7 ({But not} 29. Qxe4 c2 $17) (29. Nxf8 $14 Kxf8 30. Rfd1 (30. Qxe4 Qxa2 31. Bd4 Bxd4 $11)) 29... Kxg7 30. Rfc1 (30. Bd4+ $11 Kg8 31. Rb3) 30... Bxd5 $15 {Strongly threatening ...e5.} 31. Bd4+ Kg8 32. Qxc3 $2 {[%mdl 8192]} (32. Bxc3 $15 Qxa2 33. Qxa2 Bxa2 34. Rb7) 32... Rxc3 $19 33. Rxc3 Qxa2 34. Rbc1 {[#]} e3 $1 35. Bxe3 (35. Rxe3 Qxf2+) 35... Bf7 36. Rc7 Qe6 37. Bh6 Rd8 38. R7c6 Qd5 39. Be3 (39. Rxa6 $142 Qe4 40. Ra3) 39... Qd3 40. Rc7 a5 41. Rxe7 a4 42. Rcc7 Rf8 43. Ra7 Qf5 (43... a3 $142 {...a2 is the strong threat.} 44. Bh6 Qd1+ 45. Kh2 Qd6+ 46. f4 a2 47. Rxf7 Rxf7 48. Ra8+ {[#]} Rf8 $1 {[%mdl 512]} 49. Rxa2 Rc8) 44. Red7 $2 (44. Rxa4 Re8 45. Rxe8+ Bxe8 46. Ra1) 44... Re8 45. Rd2 Rxe3 46. fxe3 a3 47. Rd8+ Kg7 48. Rdd7 $2 (48. Rxa3 Bd5 49. Ra5 Qb1+ 50. Kh2) 48... Qb1+ 49. Kh2 a2 $2 (49... Qb8+ $19 50. Kh1 Qb3) 50. Rxf7+ $11 Kh6 $2 (50... Kg8 $11 {and Black has nothing to worry.} 51. Rg7+ Kf8 52. Rgf7+ Kg8 53. Rg7+ Kf8 54. Rgf7+ Kg8) 51. Rxh7+ $18 Kg5 52. Rhf7 $4 {[%mdl 8192]} (52. Ra5+ $18 Kf6 53. Rha7) 52... Qf5 $4 {[%mdl 8192] [#]} (52... a1=Q $19 53. Rxa1 Qxa1) 53. h4+ $1 {Accuracy: White = 49%, Black = 43%.} 1-0